Freguesias de Guimarães - Statistics

Estatísticas Gerais
  • Esse quiz foi jogado 270 vezes
    269 desde o último reset
  • A pontuação média é 41 de 69
Estatísticas das Respostas
Freguesias % Correto
Caldelas
89%
Ponte
84%
Creixomil
81%
Brito
80%
Selho (São Jorge)
80%
Sande (São Clemente)
77%
Sande (São Lourenço)
77%
Sande (São Martinho)
77%
Sande (Vila Nova)
77%
Briteiros (Salvador)
74%
Briteiros (Santa Leocádia)
74%
Briteiros (Santo Estevão)
74%
Moreira de Cónegos
74%
Nespereira
73%
Azurém
72%
Selho (São Cristóvão)
70%
Selho (São Lourenço)
70%
Costa
69%
Ronfe
69%
Polvoreira
66%
São Torcato
66%
Serzedelo
66%
Urgezes
66%
Abação (São Tomé)
65%
Airão (Santa Maria)
64%
Airão (São João Baptista)
64%
Mesão Frio
64%
Fermentões
62%
Oliveira do Castelo
61%
São Paio
61%
Barco
59%
Guardizela
59%
Pinheiro
59%
Tabuadelo
59%
Gondar
58%
Prazins (Santa Eufémia)
58%
Prazins (Santo Tirso)
58%
Serzedo
58%
Vermil
58%
Gondomar
57%
Silvares
57%
Aldão
55%
Gémeos
54%
Longos
54%
Balazar
53%
Atães
51%
Calvos
51%
Gonça
51%
Lordelo
51%
Castelões
50%
Corvite
50%
Leitões
50%
Candoso (Santiago)
49%
Candoso (São Martinho)
49%
Donim
47%
Gandarela
47%
Infantas
47%
Oleiros
47%
São Sebastião
47%
Arosa
46%
Figueiredo
45%
Conde
43%
Mascotelos
43%
Rendufe
41%
São Faustino
41%
Souto (Santa Maria)
41%
Souto (São Salvador)
41%
Pencelo
39%
Gominhães
35%
Nenhum quiz correspondente encontrado
Distribuição das Pontuações
Porcentagem de Pessoas com Cada Pontuação
Percentil de Números Respondidos
Sua Pontuação Histórica
Você não jogou esse quiz desde o último reset